000 00410nam a2200145Ia 4500
008 230519s9999 xx 000 0 und d
020 _a97815-43346-44-2
041 _aeng
082 _aC/004/NEE/DB1023
100 _aNeelam Kumari
245 _aHealth/Nursing Informatics and Technolgy for B.Sc. Nursing Students
260 _bS Vikas and Co
_aJalandhar
_c2022
300 _a246p
999 _c159605
_d159605